Từ điển thuật ngữ tin học Anh - Việt = Dictionary of English - Vietnamese informatics

Sách giới thiệu cho độc giả từ và nghĩa tiếng Anh chuyên ngành tin học.

保存先:
書誌詳細
第一著者: Phùng, Quang Nhượng
フォーマット: 図書
言語:Undetermined
出版事項: Hà Nội Giáo dục 1997
主題:
タグ: タグ追加
タグなし, このレコードへの初めてのタグを付けませんか!
Thư viện lưu trữ: Trung tâm Học liệu Trường Đại học Cần Thơ
LEADER 00781nam a2200229Ia 4500
001 CTU_21937
008 210402s9999 xx 000 0 und d
020 |b 45.000đ; 78.000đ (lô 995) 
020 |c 78000 
082 |a 004.03 
082 |b Nh561 
100 |a Phùng, Quang Nhượng 
245 0 |a Từ điển thuật ngữ tin học Anh - Việt = 
245 0 |b Dictionary of English - Vietnamese informatics 
245 0 |c Phùng Quang Nhượng 
260 |a Hà Nội 
260 |b Giáo dục 
260 |c 1997 
520 |a Sách giới thiệu cho độc giả từ và nghĩa tiếng Anh chuyên ngành tin học. 
650 |a Computer science 
904 |i Minh 
980 |a Trung tâm Học liệu Trường Đại học Cần Thơ